00517nam a22001697a 450000500170000001000150001702000260003203500140005803700090007208200060008110000210008724500430010825000060015126000480015727001210020530000210032620260514111047.0 aENG-148476 a9789395481533c299.00 aEN-132008 bDBAD aS aSharma, Natasha  aBeneath Divided Skies/cNatasha Sharma a1 bVishwakarma Publicationsc2024aMaharashtra a34A/1, Suyog Center, 7th floor, Gultekedi Marketyard Road, Giridhar Bhavan Chowk, e411037bPuneminfo@vpindia.co.in a215p.c21cm (pb)